000 01298cam a2200385 4500
999 _c23233
_d23233
001 vtls011881593
005 20220428081304.0
008 200507s2019 xo gr 000 f slo
020 _a9788055167329
_q(viazané)
035 _aurn:nbn:sk:snk-am00dyjo
035 _aurn:nbn:sk:snk-am3i9ju
035 _aBED8A2B7-7E36-4D56-84D1-75562490A701
040 _aTTKJF
_bslo
_cTTKJF
_dSNK
_erda
041 1 _aslo
_heng
044 _axo
_cSK
072 7 _a821-1/-8
_xLiteratúra rôznych foriem a žánrov
_2konspekt
080 _a821-312.4
_22011
100 0 _aAnonym
_c(novinár a spisovateľ)
_4aut
_93051
240 1 4 _aThe Kingfisher Secret
_lSlovensky
245 1 0 _aČajka
_cAnonym ; preložil Peter Tkačenko
264 1 _aBratislava
_bIkar
_c2019
300 _a309 strán
_c21 cm
336 _atext
_btxt
_2rdacontent
337 _abez média
_bn
_2rdamedia
338 _azväzok
_bnc
_2rdacarrier
500 _aPreložené z angličtiny
500 _aObsahuje stručné biografické údaje na záložke prebalu publikácie
655 7 _ašpionážne romány
_2SNKPH
_91786
655 7 _atrilery (romány)
_2SNKPH
_92135
655 7 _aSpy novels
_2SNKPHeng
_91785
655 7 _aThrillers (novels)
_2SNKPHeng
_91722
700 1 _aTkačenko, Peter
_4trl
_93052
958 _aLX
958 _aUP